|
|
|
|
| LEADER |
00000nam0a2200000 4500 |
| 001 |
372401 |
| 005 |
20231102012455.0 |
| 035 |
|
|
|a (RuTPU)RU\TPU\retro\29824
|
| 035 |
|
|
|a RU\TPU\book\167731
|
| 090 |
|
|
|a 372401
|
| 100 |
|
|
|a 20221214d1967 k y0rusy50 ca
|
| 101 |
0 |
|
|a rus
|
| 102 |
|
|
|a RU
|
| 105 |
|
|
|a a dm 001zy
|
| 200 |
1 |
|
|a Некоторые особенности прямого меднения стали в кислых сульфатных электролитах
|e автореферат диссертации на соискание ученой степени кандидата технических наук
|f Е. М. Голубчик
|g Новочеркасский политехнический институт им. Серго Орджоникидзе (НПИ) ; науч. рук. М. Ф. Скалозубов, С. Я. Попов
|
| 210 |
|
|
|a Новочеркасск
|c Изд-во Новочеркасского политехн. ин-та
|d 1967
|
| 215 |
|
|
|a 24 с.
|c ил.
|
| 300 |
|
|
|a Защита сост. в феврале 1967 г.
|
| 320 |
|
|
|a Библиогр.: с. 24 (15 назв.).
|
| 606 |
1 |
|
|a Электрометаллизация
|2 stltpush
|3 (RuTPU)RU\TPU\subj\20245
|9 45359
|
| 610 |
1 |
|
|a сталь
|
| 610 |
1 |
|
|a меднение
|
| 610 |
1 |
|
|a сульфатные электролиты
|
| 610 |
1 |
|
|a ингибирование
|
| 610 |
1 |
|
|a ПАВ
|
| 610 |
1 |
|
|a поверхностно-активные вещества
|
| 610 |
1 |
|
|a полярографическое определение
|
| 610 |
1 |
|
|a медь
|
| 610 |
1 |
|
|a осаждение
|
| 610 |
1 |
|
|a кислые электролиты
|
| 610 |
1 |
|
|a авторефераты диссертаций
|
| 675 |
|
|
|a 621.793
|v 3
|
| 700 |
|
1 |
|a Голубчик
|b Е. М.
|
| 702 |
|
1 |
|a Скалозубов
|b М. Ф.
|4 727
|
| 702 |
|
1 |
|a Попов
|b С. Я.
|4 727
|
| 712 |
0 |
2 |
|a Новочеркасский политехнический институт им. Серго Орджоникидзе (НПИ)
|c (1948-1993)
|2 stltpush
|3 (RuTPU)RU\TPU\col\227
|
| 801 |
|
1 |
|a RU
|b 63413507
|c 20090302
|g PSBO
|
| 801 |
|
2 |
|a RU
|b 63413507
|c 20221214
|g RCR
|
| 942 |
|
|
|c BK
|